| 000 | 00639nam a2200217 a 4500 | ||
|---|---|---|---|
| 005 | 20250319063742.0 | ||
| 008 | 190211s2016 mx r 000 0 spa d | ||
| 020 | _a9786073142946 | ||
| 035 | _aUPN01000228998 | ||
| 049 | _aCG | ||
| 050 | 4 |
_aP35 _bB6.3 |
|
| 100 | 1 |
_aBoullosa, Pablo, _d1963- _942682 |
|
| 245 | 1 | 3 |
_aEl corazón es un resorte : _bmetáforas y otras herramientas para mejorar nuestra educación / _cPablo Boullosa. |
| 260 |
_aMéxico : _bTaurus, _cc2016. |
||
| 300 | _a313 p. | ||
| 440 | 0 | _aPensamiento | |
| 650 | 4 |
_aLENGUAJE Y CULTURA _96714 |
|
| 650 | 4 |
_aVida intelectual _92690 |
|
| 905 | _aLibro | ||
| 999 |
_c201093 _d201093 |
||